| 000 | 01276nam a22003497a 4500 | ||
|---|---|---|---|
| 003 | CHAP | ||
| 005 | 20240213062704.0 | ||
| 008 | 971013s1979 r 00010 d | ||
| 010 | _a19188 | ||
| 011 | _a20160 | ||
| 035 | _a24248 | ||
| 040 | _cCHAP | ||
| 090 | _aTesis | ||
| 100 | 0 | 0 |
_aDíaz Zavala, Salvador. _933675 |
| 245 | _aEfecto de la siembra directa y transplante, en el establecimiento de un semillero de estrella africana (Cynodon plectostachyus Pilger), con distintas frecuencias de riego, en Apodaca, N.L. | ||
| 260 |
_aMonterrey, N.L. : _bEl autor, _c1979 |
||
| 300 | _a66 h. | ||
| 502 | _aTesis (Ing. Agr. Zootecnista) -- ITESM. Div. de Ciencias Agropecuarias y Marítimas | ||
| 590 |
_aALEPH _b10 _c20130110 _lUCH01 _h1243 |
||
| 590 |
_aBATCH-UPD _b10 _c20130110 _lUCH01 _h0142 |
||
| 590 |
_aBATCH-UPD _b10 _c20130110 _lUCH01 _h1519 |
||
| 590 |
_aBATCH-UPD _b10 _c20130409 _lUCH01 _h2141 |
||
| 590 |
_aBATCH-UPD _b10 _c20130410 _lUCH01 _h0932 |
||
| 590 |
_aBATCH-UPD _b10 _c20130914 _lUCH01 _h1134 |
||
| 590 |
_aCONVERSION _b10 _c20130109 _lUCH01 _h1312 |
||
| 650 | 1 | 7 |
_aCynodon nlemfuensis _2 _930799 |
| 650 | 1 | 4 |
_aPastos _xIrrigación. _986054 |
| 650 | 1 | 4 |
_aPastos _xTrasplante. _986084 |
| 901 | _aBK | ||
| 942 | _cTESIS | ||
| 949 |
_bBC _cTES _d-55970 _eTS1 _i24248 _si |
||
| 999 |
_c19188 _d19188 |
||